Fr. Conceicao Rodrigues College of Engineering

Applied Mathematics (Record no. 32516)

MARC details
000 -LEADER
fixed length control field 00323nam a2200157Ia 4500
082 ## - DEWEY DECIMAL CLASSIFICATION NUMBER
Classification number 519
Item number GAJ
100 ## - MAIN ENTRY--PERSONAL NAME
Personal name Gajjar/Dhiren
245 ## - TITLE STATEMENT
Title Applied Mathematics
260 ## - PUBLICATION, DISTRIBUTION, ETC.
Name of publisher, distributor, etc. Students book depot
Place of publication, distribution, etc. Pune
Date of publication, distribution, etc. 1984
300 ## - PHYSICAL DESCRIPTION
Extent 304
490 ## - SERIES STATEMENT
Volume/sequential designation 2
546 ## - LANGUAGE NOTE
Language note ENGLISH
654 ## - SUBJECT ADDED ENTRY--FACETED TOPICAL TERMS
Focus term mathematics
942 ## - ADDED ENTRY ELEMENTS (KOHA)
Koha item type BOOK
Holdings
Withdrawn status Lost status Damaged status Not for loan Collection Home library Current library Date acquired Total Checkouts Full call number Barcode Date last seen Price effective from Koha item type
        CRC Fr. Agnel's C.Rodrigues College of Engineering Fr. Agnel's C.Rodrigues College of Engineering 17/03/2023   519 GAJ 10644 17/03/2023 17/03/2023 BOOK